[Event "Najdorf Mem Open"]
[Site "Warsaw POL"]
[Date "2009.07.26"]
[Round "9"]
[White "Galazewski,T"]
[Black "Deszczynski,A"]
[Result "1/2-1/2"]
[WhiteElo "2239"]
[BlackElo "2352"]

1.Nf3 d5 2.g3 Nf6 3.Bg2 c6 4.O-O Bg4 5.d3 Nbd7 6.h3 Bh5 7.Qe1 e5 8.e4 dxe4
9.dxe4 Bxf3 10.Bxf3 Bc5 11.Nd2 O-O 12.Nc4 b5 13.Ne3 g6 14.Ng4 h5 15.Nxf6+ Qxf6
16.Kg2 h4 17.Bh6 Rfd8 18.Qc1 Be7 19.Be3 Nc5 20.Qe1 Ne6 21.Bg4 Nc5 22.Bf3 a5
23.Qe2 Ne6 24.Rad1 Bc5 25.Bg4 Nd4 26.Bxd4 Bxd4 27.c3 Bb6 28.Qf3 Qxf3+ 29.Kxf3 hxg3
30.fxg3 b4 31.Bd7 bxc3 32.bxc3 Kf8 33.Kg4 Ke7 34.Bxc6 Rxd1 35.Rxd1 Rc8 36.Bd5 Rxc3
37.Rf1  1/2-1/2

[Event "MTO"]
[Site "Biel SUI"]
[Date "2009.07.27"]
[Round "7"]
[White "AlHuwar,J"]
[Black "Al Sayed,Mohamad"]
[Result "1/2-1/2"]
[WhiteElo "2297"]
[BlackElo "2515"]

1.Nf3 d5 2.g3 Bg4 3.Bg2 Nd7 4.c4 c6 5.cxd5 cxd5 6.Qb3 Qc7 7.Nc3 e6 8.d4 Ngf6
9.Bf4 Qb6 10.Nb5 Rc8 11.O-O Be7 12.Nc7+  1/2-1/2

[Event "ZMD Open"]
[Site "Dresden GER"]
[Date "2009.07.27"]
[Round "3"]
[White "Markowski,T"]
[Black "Hutschenreiter,J"]
[Result "1-0"]
[WhiteElo "2627"]
[BlackElo "2127"]

1.g3 d5 2.Nf3 Nf6 3.Bg2 Bf5 4.O-O c6 5.d3 h6 6.c4 e6 7.Qb3 Qc8 8.Nc3 Nbd7
9.Be3 Be7 10.Rac1 O-O 11.Rfe1 Qb8 12.cxd5 exd5 13.Bf4 Bd6 14.Bxd6 Qxd6 15.Nd4 Be6
16.Qxb7 c5 17.Nc6 Rfc8 18.e4 dxe4 19.dxe4 Kh8  1-0

[Event "Czech Open A"]
[Site "Pardubice CZE"]
[Date "2009.07.27"]
[Round "4"]
[White "Mirumian,V"]
[Black "Vedrickas,T"]
[Result "1-0"]
[WhiteElo "2506"]
[BlackElo "2241"]

1.Nf3 d5 2.g3 Bg4 3.Bg2 Nd7 4.O-O c6 5.d3 e5 6.Qe1 Qc7 7.e4 dxe4 8.dxe4 Bc5
9.Nbd2 Ngf6 10.a4 a5 11.Nc4 Be6 12.Qe2 O-O 13.Bd2 b5 14.axb5 cxb5 15.Nxa5 Bb6
16.Qxb5 Rfb8 17.Qa4 Nc5 18.Qa3 Ncxe4 19.Be1 Bc4 20.Nxc4 Rxa3 21.Nxa3 Ng4
22.Nd2 Nxd2 23.Bxd2 Bd4 24.c3 Bxf2+ 25.Rxf2 Nxf2 26.Kxf2 Rxb2 27.Nc4 Rb8
28.Ne3 Rd8 29.Bd5 g6 30.c4 Qc5 31.Ke2 Qd4 32.Rd1 Rb8 33.Bc1 Qc3 34.Rf1 Rf8
35.Ng4 Qc2+ 36.Bd2 Kg7 37.Ke1 Qb1+ 38.Ke2 Qc2 39.Ke1 Qb1+ 40.Ke2 Qc2 41.Ne3 Qb2
42.g4 Qd4 43.Rc1 f5 44.Bc3 Qf4 45.Rf1 Qxh2+ 46.Rf2 Qg3 47.gxf5 g5 48.Rg2 Qf4
49.Rg4 Qh2+ 50.Rg2 Qf4 51.Rg4 Qh2+ 52.Kd3 h6 53.Re4 Re8 54.f6+ Kg6 55.f7 Rd8
56.Rxe5 Rxd5+ 57.cxd5 Kxf7 58.d6 h5 59.Rd5 Qh1 60.d7  1-0

[Event "Women's Open"]
[Site "Vratsa BUL"]
[Date "2009.07.27"]
[Round "4"]
[White "Chelushkina,I"]
[Black "Dragomirescu,An"]
[Result "1-0"]
[WhiteElo "2357"]
[BlackElo "2215"]

1.g3 d5 2.Nf3 c6 3.Bg2 Bg4 4.Ne5 Bf5 5.d4 Nd7 6.Nd3 Ngf6 7.Nd2 e6 8.O-O Be7
9.a4 O-O 10.c3 Re8 11.f3 c5 12.Nf2 cxd4 13.cxd4 Bg6 14.e4 Nb8 15.Nb3 Nc6
16.Be3 Rc8 17.Rc1 Nb4 18.Qe2 Qb6 19.Nc5 h6 20.Rc3 Rc6 21.Qb5 Rec8 22.Rb3 a5
23.Nfd3 Qa7 24.Ne5 Rb6 25.Nxg6 fxg6 26.Qe2 Na6 27.Rxb6 Qxb6 28.e5 Ne8 29.Nxa6 bxa6
30.Qd3 Kf7 31.Bh3 Qxb2 32.Qxa6 Rc3 33.Qxe6+ Kf8 34.Qxg6 Qe2 35.Be6 Qxe3+
36.Kh1 Qxf3+ 37.Rxf3+ Rxf3 38.Bxd5 Rf2 39.Kg1  1-0

[Event "ZMD Open"]
[Site "Dresden GER"]
[Date "2009.07.28"]
[Round "4"]
[White "Kiessling,A"]
[Black "Porper,E"]
[Result "0-1"]
[WhiteElo "2030"]
[BlackElo "2448"]

1.Nf3 d5 2.g3 c6 3.Bg2 Bg4 4.O-O Nd7 5.d3 e5 6.Nbd2 Ngf6 7.e4 dxe4 8.dxe4 Bc5
9.c3 a5 10.Qc2 O-O 11.Nc4 Qc7 12.Ne3 Bh5 13.h3 Rfe8 14.g4 Bg6 15.Nh4 Nf8
16.Nef5 Ne6 17.Be3 Bf8 18.Bf3 Nf4 19.Kh2 Nd7 20.Rad1 Nc5 21.Ng2 f6 22.Kg3 Nce6
23.Qc1 Nxg2 24.Kxg2 Bf7 25.h4 Nf4+ 26.Bxf4 exf4 27.b3 c5 28.h5 a4 29.Qc2 axb3
30.axb3 Ra3 31.c4 b5 32.Ra1 Rxa1 33.Rxa1 Qe5 34.Rh1 bxc4 35.bxc4 Rb8 36.Be2 Be8
37.Qd3 Bc6 38.f3 Qb2 39.Rd1 Rb3 40.Qd2 Qxd2 41.Rxd2 Kf7 42.Kf2 Rb8 43.Ra2 g6
44.hxg6+ hxg6 45.Nh4 Bd6 46.Ra6 Rc8 47.Bd3 Be5 48.Ke2 Rc7 49.Bc2 Bd7 50.Ba4 Bxa4
51.Rxa4 Rb7 52.Ra2 Kg7 53.Ng2 Rb4 54.Rc2 Rb3 55.Kf2 Kh6 56.Ke2 Kg5 57.Kf2 Bd4+
58.Ke2 Rb1 59.Ne1 Kh4 60.Kf1 Kh3 61.Ke2 Kg3 62.Kf1 Rxe1+ 63.Kxe1 Kxf3 64.g5 fxg5
65.Re2 Be5 66.Kf1 g4 67.Rd2 Kxe4 68.Rd5 f3  0-1

[Event "ZMD Open"]
[Site "Dresden GER"]
[Date "2009.07.28"]
[Round "4"]
[White "Heck,N"]
[Black "Neef,M"]
[Result "1-0"]
[WhiteElo "2324"]
[BlackElo "2019"]

1.Nf3 d5 2.g3 c6 3.Bg2 Nf6 4.O-O Bf5 5.d3 e6 6.Nbd2 Be7 7.Qe1 O-O 8.e4 dxe4
9.dxe4 Bg6 10.Qe2 Nbd7 11.h3 Nc5 12.Nh4 e5 13.Nxg6 hxg6 14.a4 a5 15.Nc4 Qc7
16.b3 Ne6 17.c3 Rfd8 18.Be3 Bc5 19.Rfd1 Rxd1+ 20.Rxd1 Bxe3 21.Qxe3 Rd8 22.Rxd8+ Qxd8
23.Bf3 Qc7 24.h4 b5 25.Nb2 Nd7 26.Bg4 Qd6 27.Bxe6 Qxe6 28.c4 Qd6 29.axb5 cxb5
30.cxb5 Qb4 31.Na4 Qxb5 32.Qc3 Kf8 33.Nb2 Qb4 34.Qd3 Ke7 35.Nc4 f6 36.Qd5 Qxb3
37.Qd6+ Kd8 38.Nxa5 Qb6 39.Nc6+ Kc8 40.Ne7+ Kd8 41.Qxb6+ Nxb6 42.Nxg6 Nc4
43.f3 Ke8 44.Kf2 Kf7 45.h5 Nd6 46.Ke3 Nc4+ 47.Kd3 Nb2+ 48.Ke2 Nc4 49.f4 exf4
50.gxf4 Nb2 51.Kd2 Nc4+ 52.Kd3 Nd6 53.Kd4 Nb5+ 54.Kc4 Nc7 55.Kc5 Ne6+ 56.Kd6 Nd4
57.Kd7 Nf3 58.e5 Nd4 59.Kd6 fxe5 60.fxe5 Nb5+ 61.Kc6 Nd4+ 62.Kd7 Nf5 63.Nf4 Ne7
64.e6+ Kf6 65.h6  1-0

[Event "III Deportiva San Juan Open"]
[Site "Pamplona ESP"]
[Date "2009.07.28"]
[Round "3"]
[White "Ugalde Ezcurra,J"]
[Black "Larino Nieto,D"]
[Result "0-1"]
[WhiteElo "2169"]
[BlackElo "2455"]

1.g3 d5 2.Nf3 Nf6 3.Bg2 c5 4.d3 Nc6 5.O-O e5 6.Na3 Be7 7.e4 O-O 8.exd5 Nxd5
9.Nc4 f6 10.a4 Rb8 11.c3 Bg4 12.Re1 Qd7 13.a5 Rfd8 14.Nfxe5 fxe5 15.Bxd5+ Qxd5
16.Qxg4 Bf6 17.Bg5 h5 18.Qh4 Qxd3 19.Bxf6 gxf6 20.Re4 Qf3 21.Re3 Qf5 22.Kg2 Qg6
23.Rf3 f5 24.Re3 Rd5 25.Rae1 Re8 26.h3 Kg7 27.f4 e4 28.g4 hxg4 29.hxg4 Rh8
30.Qg5 Qxg5 31.fxg5 fxg4 32.Rxe4 Rxg5 33.Ne5 Nxa5 34.Kg3 Rh3+ 35.Kf4 Rhh5
36.Nxg4 Nc6 37.Re8 Rf5+ 38.Kg3 Rh8 39.Rxh8 Kxh8 40.Re8+ Kg7 41.Rc8 Rf7 42.Ne3 Ne5
43.Ng4 Nd3 44.b3 b6 45.Rd8 Nc1 46.Kh4 Nxb3 47.Kg5 b5 48.Nh6 Rc7 49.Nf5+ Kf7  0-1

[Event "ZMD Open"]
[Site "Dresden GER"]
[Date "2009.07.29"]
[Round "5"]
[White "Ghaem Maghami,E"]
[Black "Horvath,P1"]
[Result "1/2-1/2"]
[WhiteElo "2589"]
[BlackElo "2439"]

1.Nf3 d5 2.g3 Nf6 3.Bg2 e6 4.O-O Be7 5.d3 c5 6.Nbd2 Nc6 7.e4 Qc7 8.Re1 b6
9.c3 Bb7 10.Qe2 h6 11.a3 g5 12.h3 O-O-O 13.e5 Nd7 14.b4 Rdg8 15.b5 Nd8 16.d4 f5
17.exf6 Bxf6 18.a4 Re8 19.a5 e5 20.axb6 axb6 21.dxe5  1/2-1/2

[Event "ZMD Open"]
[Site "Dresden GER"]
[Date "2009.07.29"]
[Round "5"]
[White "Scharff,K"]
[Black "Hilverda,A"]
[Result "0-1"]
[WhiteElo "2058"]
[BlackElo "2243"]

1.Nf3 d5 2.g3 Nf6 3.Bg2 Bg4 4.d3 Nbd7 5.Nbd2 e5 6.h3 Bh5 7.e4 dxe4 8.dxe4 Bc5
9.O-O O-O 10.Qe2 Qe7 11.g4 Bg6 12.Nh4 c6 13.Nf5 Bxf5 14.gxf5 Kh8 15.Kh1 g6
16.Nb3 Bb6 17.f4 Nh5 18.Qg4 Ndf6 19.Qg5 gxf5 20.fxe5 Qxe5 21.Bf4 Nxf4 22.Qxf4 Qxf4
23.Rxf4 Nxe4 24.Bxe4 fxe4 25.Rxe4 Rg8 26.Nd2 Rg3 27.Rh4 f5 28.Rf1 Rag8 29.Nf3 Bc7
30.c3 Rg2 31.Rd1 Rxb2  0-1

[Event "ch-Euro Senior w"]
[Site "Rogaska Slatina SLO"]
[Date "2009.07.29"]
[Round "8"]
[White "Sorokina,T"]
[Black "Khropova,L"]
[Result "1/2-1/2"]
[WhiteElo "2143"]
[BlackElo "2060"]

1.Nf3 d5 2.g3 Nf6 3.Bg2 c5 4.O-O Nc6 5.d3 Bg4 6.h3 Bxf3 7.exf3 e6 8.f4 Be7
9.Nd2 Qc7 10.c3 O-O 11.Nf3 b5 12.Qe2 c4 13.Ne5 cxd3 14.Nxd3 Rac8 15.Bd2 Na5
16.b3 Nb7 17.Rfe1 Nd6 18.f3 Rfe8 19.g4  1/2-1/2

[Event "Continental ch-Americas"]
[Site "Sao Paulo BRA"]
[Date "2009.07.29"]
[Round "6"]
[White "Bachmann,Ax"]
[Black "Cubas,Jo"]
[Result "*"]
[WhiteElo "2559"]
[BlackElo "2454"]

1.Nf3 d5 2.g3 Nf6 3.Bg2 c6 4.O-O Bg4 5.d4 Nbd7 6.Nbd2 e6 7.Re1 Be7 8.e4 dxe4
9.Nxe4 O-O 10.c3 Re8 11.h3 Bf5 12.Nxf6+ Bxf6 13.Bf4 a5 14.Qb3 Qb6 15.Bd6 a4
16.Qa3 Qd8 17.c4 Nb6 18.Rac1 Be7 19.Bxe7 Rxe7 20.Red1 Be4 21.Ne5 Bxg2 22.Kxg2 f6
23.Nf3 Nc8 24.Qe3 Nd6 25.Kg1 Qd7 26.Qa3 Ree8 27.Qb4 Nf5 28.Kg2 Qf7 29.Re1 Qc7
30.Qc3 c5  *

[Event "96th ch-GBR"]
[Site "Torquay ENG"]
[Date "2009.07.29"]
[Round "3"]
[White "Constantinou,Pe"]
[Black "Shaw,P"]
[Result "1-0"]
[WhiteElo "2264"]
[BlackElo "2123"]

1.g3 d5 2.Nf3 Nf6 3.c4 c6 4.b3 Bf5 5.Bb2 e6 6.Bg2 h6 7.O-O Nbd7 8.d3 Be7
9.Nbd2 O-O 10.a3 a5 11.cxd5 cxd5 12.Nd4 Bh7 13.Rc1 Rc8 14.Rxc8 Qxc8 15.Qa1 Qa8
16.Rc1 Rc8 17.Nb5 Rc5 18.Rxc5 Bxc5 19.Qc1 Qa6 20.a4 Qc6 21.Nf3 Bb6 22.Qc3 Qc5
23.Qxc5 Bxc5 24.Bc3 b6 25.h3 Be7 26.Na7 Nc5 27.Nd2 Nfd7 28.Kf1 Bf6 29.Bxf6 Nxf6
30.Ke1 Kf8 31.Kd1 Ke8 32.Kc2 Kd7 33.Nf3 Kd6 34.Nb5+ Ke7 35.Ne5 Ne8 36.f4 f6
37.Nf3 Nd6 38.Nxd6 Kxd6 39.Nd4 e5 40.Nb5+ Kc6 41.fxe5 fxe5 42.Kc3 Nb7 43.Na7+ Kc5
44.Nc8 d4+ 45.Kb2 Nd6 46.Nxd6 Kxd6 47.h4 Kc5 48.Ka3 Bf5 49.Bf3 Be6 50.Bh5 g5
51.hxg5 hxg5 52.Bf3 Bf5 53.Bg2 Bg4 54.Bf3 Bh3 55.g4 Bf1 56.b4+ axb4+ 57.Kb3 Bh3
58.Kb2 Bf1 59.Kb3 Bh3 60.Kb2 b5 61.a5 Bf1 62.Kb3 e4 63.dxe4 d3 64.a6 Kb6
65.exd3 Bxd3 66.Kxb4 Kxa6 67.Kc5 Ka5 68.e5 b4 69.Bd1 Bb5 70.e6 Be8 71.e7 Bb5
72.Bc2 Be8 73.Bb3 Ka6 74.Kxb4 Kb6 75.Ba4  1-0

[Event "ch-Africa"]
[Site "Tripoli LBA"]
[Date "2009.07.29"]
[Round "8"]
[White "Haddouche,M"]
[Black "Kobese,W"]
[Result "1-0"]
[WhiteElo "2329"]
[BlackElo "2391"]

1.Nf3 d5 2.g3 Nc6 3.Bg2 e5 4.d3 Nf6 5.O-O h6 6.Nbd2 Be6 7.e4 dxe4 8.dxe4 Bc5
9.Qe2 O-O 10.c3 a5 11.Nc4 Nd7 12.Ne3 Re8 13.Nh4 Bf8 14.Rd1 Qc8 15.Nd5 a4
16.Be3 Na5 17.Rac1 Qb8 18.f4 exf4 19.Bxf4 Bd6 20.Bxd6 cxd6 21.Kh1 Qc8 22.Nf4 Ra6
23.Nxe6 fxe6 24.Rd4 Qc6 25.e5 d5 26.Ng6 b5 27.Rf1 Nb7 28.Rh4 Nd8 29.Rhf4 Qc5
30.g4 a3 31.b3 Qxc3 32.g5 hxg5 33.R4f2 g4 34.Qxg4 Qe3 35.Rf4 Ra7 36.Qh5 Nf7
37.Rxf7 Qh6 38.Qxh6 gxh6 39.Ne7+ Kh8 40.Nc6 Rc7 41.Nd4 b4 42.Bh3 Rc3 43.Rxd7 Rxh3
44.Nxe6  1-0

[Event "MTO"]
[Site "Biel SUI"]
[Date "2009.07.30"]
[Round "10"]
[White "Hausrath,D"]
[Black "Kosintseva,T"]
[Result "0-1"]
[WhiteElo "2519"]
[BlackElo "2539"]

1.Nf3 d5 2.g3 Nf6 3.Bg2 e6 4.d4 Be7 5.c4 O-O 6.Qc2 c5 7.dxc5 d4 8.b4 a5 9.bxa5 Qxa5+
10.Nbd2 Nc6 11.O-O Qxc5 12.a3 e5 13.Rb1 g6 14.Rb5 Qd6 15.Ng5 Qc7 16.Nde4 Bf5
17.Nxf6+ Bxf6 18.Ne4 Be7 19.Qd2 Ra4 20.Qh6 Bxe4 21.Bxe4 Rxc4 22.f4 d3 23.exd3 Rxe4
24.dxe4 Nd4 25.Rb2 Bxa3 26.f5 Bxb2 27.f6 Ne6 28.Bxb2 Qc2 29.Qc1 Qxe4 30.Re1 Qc6
31.Qxc6 bxc6 32.Bxe5 h5 33.Rc1 Rc8 34.Bd6 g5 35.h4 Kh7 36.Kf2 Kg6 37.Be7 gxh4
38.gxh4 Kf5 39.Ke3 Ke5 40.Kd3 Nf4+ 41.Kc4 Ne6 42.Ra1 Kf5 43.Kd3 Rb8 44.Kc3 c5
45.Rf1+ Ke5 46.Rd1 Rg8 47.Bd6+ Ke4 48.Re1+ Kd5 49.Bh2 Kc6 50.Ra1 Rg2 51.Bb8 Nd4
52.Re1 Re2 53.Rxe2 Nxe2+ 54.Kc4 Nd4 55.Bg3 Nf5  0-1

[Event "ZMD Open"]
[Site "Dresden GER"]
[Date "2009.07.30"]
[Round "6"]
[White "Wimmer,A"]
[Black "Schindele,A"]
[Result "0-1"]
[WhiteElo "2108"]
[BlackElo "1879"]

1.g3 d5 2.Nf3 c6 3.b3 Bg4 4.Bg2 Nd7 5.Bb2 Ngf6 6.d3 e6 7.Nbd2 Qc7 8.c4 Bxf3
9.Bxf3 Bd6 10.O-O O-O 11.a3 a5 12.Bg2 Rfd8 13.Rc1 Be5 14.d4 Bd6 15.Qc2 Bf8
16.e4 Nxe4 17.Nxe4 dxe4 18.Bxe4 Nf6 19.Bd3 Qe7 20.Rfe1 g6 21.Bf1 Bg7 22.Bg2 Qc7
23.b4 axb4 24.axb4 Ne8 25.d5 Ra2 26.Rb1 cxd5 27.c5 b6 28.Qb3 Rxb2 29.Rxb2 Bxb2
30.Qxb2 bxc5 31.bxc5 Qxc5 32.Rc1 Qd6 33.Qb5 Rb8 34.Qa4 Ng7 35.Qa7 Rf8 36.Rc7 Qe5
37.Rd7 Nf5 38.Qa5 Nd4 39.Bxd5 exd5 40.Rxd5 Qg7 41.Rd7 Ne6 42.Qa7 Qe5 43.Re7 Qe1+
44.Kg2 Qe4+ 45.Kg1 Qd4 46.Qxd4 Nxd4 47.Re4 Rd8 48.Kg2 Nf5 49.h4 Rd4 50.Re2 Kg7
51.Kh3 h5 52.Ra2 Rd3 53.Kg2 Nd4 54.Rb2 Kf6 55.Rb6+ Ne6 56.Rb2 Rd4 57.Ra2 Nc5
58.Rb2 Ne4 59.Re2 Kf5 60.Kf3 Rd3+ 61.Kg2 Rd2 62.Rxd2 Nxd2 63.f3 Ke5 64.f4+ Kf5  0-1

[Event "ZMD Open"]
[Site "Dresden GER"]
[Date "2009.07.30"]
[Round "6"]
[White "Juergens,Kl"]
[Black "Bauer,Be"]
[Result "1-0"]
[WhiteElo "2162"]
[BlackElo "2006"]

1.Nf3 d5 2.g3 Nf6 3.Bg2 c6 4.c4 e6 5.b3 Nbd7 6.O-O Bd6 7.Bb2 O-O 8.d3 Qe7
9.Nbd2 Ba3 10.Bxa3 Qxa3 11.d4 Qe7 12.Re1 Ne4 13.Nxe4 dxe4 14.Nd2 f5 15.c5 Nf6
16.e3 Bd7 17.f3 e5 18.fxe4 fxe4 19.Nxe4 Nxe4 20.Bxe4 Bf5 21.Qd3 Bxe4 22.Qxe4 Rae8
23.Rad1 exd4 24.Qxe7 Rxe7 25.exd4 Rd7 26.Re4 Rf6 27.Rf1 Kf7 28.Rxf6+ Kxf6
29.Kf2 Rd5 30.Ke3 b6 31.b4 Kf7 32.Re5 Rd7 33.a4 Rd8 34.Kd3 Kf6 35.Kc4 Kf7
36.Re2 Kf6 37.b5 cxb5+ 38.axb5 Rc8 39.c6  1-0

[Event "XXXV d'Esca Open"]
[Site "Sitges ESP"]
[Date "2009.07.30"]
[Round "9"]
[White "Vidarte Morales,A"]
[Black "Burmakin,V"]
[Result "0-1"]
[WhiteElo "2444"]
[BlackElo "2627"]

1.Nf3 d5 2.g3 c6 3.Bg2 Nf6 4.O-O Bf5 5.d3 h6 6.Nfd2 e5 7.Nc3 Nbd7 8.e4 dxe4
9.Ncxe4 Be7 10.Nc4 Qc7 11.Nxf6+ Bxf6 12.a4 Be6 13.Qe2 O-O 14.Bd2 Rfe8 15.Ne3 a5
16.Bc3 Be7 17.Ng4 Bb4 18.Rfe1 Bd5 19.Be4 Qd6 20.Ne3 Bxc3 21.bxc3 Bxe4 22.dxe4 Qc5
23.Nf5 Nf6 24.Qf3 Re6 25.g4 Nh7 26.Qe3 Qxe3 27.Rxe3 g6 28.Ng3 Nf6 29.Rd3 Nxg4
30.Rd7 b5 31.Rb7 bxa4 32.h3 Nf6 33.Rxa4 Rd6 34.Nf1 Nd7 35.Rb1 Nc5 36.Rc4 Ne6
37.Ne3 Nf4 38.Ra1 Rd2 39.Rca4 Nxh3+ 40.Kg2 Rxf2+ 41.Kg3 Re2 42.Kf3 Rd2 43.Kg3 Ng5
44.R1a2 Re2 45.Ng4 Kg7 46.Nxe5 Nxe4+ 47.Kf3 Nxc3  0-1

[Event "Women's Open"]
[Site "Vratsa BUL"]
[Date "2009.07.30"]
[Round "8"]
[White "Chelushkina,I"]
[Black "Bulmaga,I"]
[Result "0-1"]
[WhiteElo "2357"]
[BlackElo "2277"]

1.g3 d5 2.Nf3 c6 3.Bg2 Bg4 4.h3 Bh5 5.b3 Nd7 6.Bb2 Ngf6 7.O-O e6 8.d3 Bxf3
9.exf3 Bd6 10.f4 O-O 11.Nd2 e5 12.fxe5 Bxe5 13.d4 Bc7 14.Re1 Re8 15.Qf3 Nf8
16.Rxe8 Qxe8 17.Qd3 Rd8 18.Nf1 Qd7 19.Re1 Ne6 20.Bc1 Ne4 21.Bxe4 dxe4 22.Rxe4 f5
23.Re1 f4 24.Qf5 Nxd4 25.Qxd7 Rxd7 26.Re8+ Kf7 27.Re4 fxg3 28.fxg3 Nxc2 29.Bb2 Bb6+
30.Kg2 Ne3+ 31.Nxe3 Rd2+ 32.Kf3 Rxb2 33.Nc4 Rf2+ 34.Kg4 Bc7 35.a4 g6 36.Ne5+ Bxe5
37.Rxe5 h5+ 38.Kh4 Rf3 39.b4 Ra3 40.a5 Kf6 41.Rc5 a6 42.g4 g5+ 43.Rxg5 Rxh3+
44.Kxh3 Kxg5 45.gxh5 Kxh5 46.Kg3 Kg5 47.Kf3 Kf5 48.Ke3 Ke5 49.Kd3 Kd5 50.Kc3 c5
51.Kb3 Kd4 52.Ka3 c4  0-1

[Event "Czech Open A"]
[Site "Pardubice CZE"]
[Date "2009.07.31"]
[Round "8"]
[White "Klenburg,M"]
[Black "Haba,P"]
[Result "0-1"]
[WhiteElo "2437"]
[BlackElo "2533"]

1.Nf3 d5 2.g3 Nf6 3.Bg2 c6 4.O-O Bf5 5.d3 h6 6.c4 dxc4 7.Ne5 Nbd7 8.Nxc4 e5
9.Nc3 Bc5 10.Rb1 a5 11.a3 O-O 12.b4 axb4 13.axb4 Bd4 14.Bd2 Nb6 15.Na5 Qc7
16.Qc2 Rfc8 17.e3 Bxc3 18.Bxc3 Nbd5 19.Bd2 Be6 20.Rfc1 Qb8 21.Qb2 Nd7 22.d4 exd4
23.Qxd4 Nc7 24.Bc3 f6 25.Qd6 Rd8 26.Qf4 Nb5 27.Qxb8 Raxb8 28.Bb2 Nb6 29.Rd1 Rxd1+
30.Rxd1 Nd5 31.Bf1 Nxb4 32.Bxb5 cxb5 33.Rd6 Bh3 34.f3 Ra8 35.Nxb7 Ra2 36.Rd2 Nd3
37.Bc3 Rxd2 38.Bxd2 b4 39.Nd6 b3 40.Nb5 b2 41.Nc3 Be6 42.Kf1 Bb3 43.Nb1 Bd1
44.Kg2 Ne5 45.f4 Nc4 46.Bc3 Nxe3+ 47.Kf2 Nc4 48.Nd2 Nxd2 49.Bxb2 Nc4 50.Bd4 Kf7
51.h3 Nd6 52.g4 h5 53.Kg3 hxg4 54.hxg4 f5  0-1

[Event "Czech Open A"]
[Site "Pardubice CZE"]
[Date "2009.07.31"]
[Round "8"]
[White "Lammers,M"]
[Black "Klovans,J"]
[Result "1-0"]
[WhiteElo "2297"]
[BlackElo "2440"]

1.Nf3 d5 2.g3 Nf6 3.Bg2 e6 4.O-O c5 5.d3 Nc6 6.Nbd2 b6 7.Re1 Bb7 8.e4 Qc7
9.c3 Be7 10.Nf1 h6 11.Bf4 Qd7 12.e5 Nh7 13.h4 g5 14.hxg5 hxg5 15.Bd2 O-O-O
16.N1h2 Kb8 17.Ng4 Rdg8 18.Qe2 Bc8 19.a3 f5 20.exf6 Nxf6 21.Nge5 Nxe5 22.Nxe5 Qe8
23.b4 Bb7 24.b5 Bd6 25.c4 Qf8 26.Nc6+ Bxc6 27.bxc6 Bc7 28.Qxe6 d4 29.Qf5 Qh6
30.Re6 Rf8 31.Rae1 Qh2+ 32.Kf1 Nh5 33.Qxf8+ Rxf8 34.Re8+ Rxe8 35.Rxe8+ Bd8
36.Bxg5 Nxg3+ 37.fxg3 Qxg3 38.Rxd8+ Kc7 39.Rd7+ Kc8 40.Rd8+ Kc7 41.Rd7+ Kc8
42.Rg7 Qxd3+ 43.Kg1 Qf5 44.Bh4  1-0

[Event "16th ORDIX Open"]
[Site "Mainz GER"]
[Date "2009.08.01"]
[Round "4"]
[White "Movsesian,S"]
[Black "Sebag,M"]
[Result "1-0"]
[WhiteElo "2716"]
[BlackElo "2531"]

1.Nf3 d5 2.g3 c6 3.Bg2 Bg4 4.O-O Nd7 5.d3 e6 6.h3 Bh5 7.Nbd2 Ngf6 8.e4 Bc5
9.Re1 O-O 10.e5 Ne8 11.g4 Bg6 12.Nf1 f6 13.d4 Bb6 14.Ng3 c5 15.exf6 Qxf6
16.Bg5 Qf7 17.Be3 Nc7 18.dxc5 Bxc5 19.Ne5 Nxe5 20.Bxc5 Nf3+ 21.Bxf3 Qxf3
22.Bxf8 Qxf8 23.Qd4 Qf7 24.Re2 Rf8 25.Rae1 h5 26.gxh5 Bxh5 27.Nxh5 Qxh5 28.Qe5 Qf7
29.Kh2 b5 30.Rg1 Qf4+ 31.Qxf4 Rxf4 32.Rg4 Rf5 33.a4 a6 34.f4 bxa4 35.Re5 Rf7
36.f5 exf5 37.Rxa4 g5 38.h4 Kg7 39.hxg5 Kg6 40.Kg3 Kxg5 41.Rf4 Kg6 42.Kf3 Rf6
43.Rb4 Rc6 44.c3 Kf6 45.Re1 Ne6 46.Ke3 f4+ 47.Kf2 Kf5 48.Rb8 a5 49.Ra1 d4
50.Rxa5+ Ke4 51.Ra4 Kd3 52.cxd4 Rc2+ 53.Kf3 Nxd4+ 54.Kxf4 Ne2+ 55.Ke5 Rc5+
56.Kd6 Rh5 57.Rg4 Nd4 58.Rg3+ Ke4 59.Re8+ Kf4 60.Rd3 Nf5+ 61.Kc6 Rh2 62.b4 Rc2+
63.Kb6 Ng7 64.Re1 Nf5 65.b5 Rc4 66.Kb7 Nd4 67.b6 Nc6 68.Rd6 Na5+ 69.Ka6  1-0

[Event "Centroamericano & Caribbean U20"]
[Site "Medellin COL"]
[Date "2009.08.02"]
[Round "6"]
[White "Otero Martinez,D"]
[Black "Narvaez,Z"]
[Result "0-1"]
[WhiteElo "2097"]
[BlackElo "2204"]

1.Nf3 d5 2.g3 c6 3.Bg2 Nf6 4.O-O Bg4 5.Ne5 Bf5 6.b3 g6 7.Bb2 Bg7 8.d4 Nbd7
9.Nd3 O-O 10.Nd2 Bxd3 11.exd3 Ne8 12.Re1 Nd6 13.c4 Nf6 14.Nf3 a5 15.Qc2 Re8
16.h3 h5 17.a3 e6 18.b4 Nf5 19.bxa5 Qxa5 20.a4 Red8 21.Bc3 Qc7 22.c5 b6 23.cxb6 Qxb6
24.a5 Qa7 25.Reb1 Nd7 26.a6 Rdb8 27.Rxb8+ Nxb8 28.Qa4 Nd6 29.Ne5 Bxe5 30.dxe5 Nb5
31.Bb2 Qb6 32.Qh4 Rxa6 33.Rxa6 Nxa6 34.Bc1 Nd4 35.Be3 c5 36.Qe7 Qc7 37.Qe8+ Kh7
38.Qa4 Qc6 39.Qa5 Nc7 40.Bg5 Nf5 41.g4 hxg4 42.hxg4 Nd4 43.Qd2 Ne8 44.Qe3 Kg8
45.Qh3 Qc7 46.Qe3 Nc2 47.Qe2 Nb4 48.Bf1 d4  0-1

[Event "III Deportiva San Juan Open"]
[Site "Pamplona ESP"]
[Date "2009.08.02"]
[Round "9"]
[White "Paunovic,D"]
[Black "Larino Nieto,D"]
[Result "1-0"]
[WhiteElo "2533"]
[BlackElo "2455"]

1.Nf3 d5 2.g3 c5 3.Bg2 Nc6 4.O-O Nf6 5.c4 e6 6.cxd5 exd5 7.d4 Be7 8.dxc5 Bxc5
9.Bg5 O-O 10.Nc3 d4 11.Bxf6 Qxf6 12.Nd5 Qd8 13.Nd2 Re8 14.Rc1 Bb6 15.Nc4 Bg4
16.Re1 Bc5 17.a3 Rc8 18.b4 Bf8 19.Qd2 b5 20.Nb2 a5 21.Nd3 axb4 22.axb4 Bf5
23.N5f4 Qd6 24.Rc5 Bxd3 25.Bxc6 Rxc6 26.Nxd3 Qc7 27.Rxb5 Rc2 28.Qf4 Qc4 29.Rb8 Rxb8
30.Qxb8 Qe6 31.Qf4 Qd5 32.f3 h6 33.Qe4 Qc4 34.Qe8 Qc3 35.Kf1 Qd2 36.Ra1 Kh7
37.Qe4+ Kg8 38.b5 Rc8 39.b6 Qe3 40.Qxe3 dxe3 41.Ne5 Bd6 42.b7 Rb8 43.Nc4 Bc7
44.Ra8 f6 45.Rxb8+ Bxb8 46.Na5  1-0

[Event "Open"]
[Site "Ptuj SLO"]
[Date "2009.08.02"]
[Round "1"]
[White "Gruskovnjak,T"]
[Black "Skrinjar,M"]
[Result "1-0"]
[WhiteElo "2363"]
[BlackElo "1925"]

1.Nf3 d5 2.g3 Nf6 3.Bg2 e6 4.c4 Be7 5.O-O O-O 6.d4 b6 7.Ne5 Bb7 8.Nc3 Nbd7
9.Qa4 c5 10.Nxd7 Nxd7 11.cxd5 cxd4 12.Qxd4 Bf6 13.Qd1 Bxc3 14.dxe6 Bxg2 15.Kxg2 Bxb2
16.exf7+ Rxf7 17.Bxb2 Qe7 18.Rc1 Re8 19.Rc2 Nc5 20.f3 Qb7 21.Rd2 Qa6 22.Bd4 Qa3
23.Bxc5 Qxc5 24.e4 Rc7 25.Rff2 h6 26.Rc2 Qe5 27.Rxc7 Qxc7 28.Rc2 Qe7 29.Qd5+ Kh8
30.Rd2 Rc8 31.f4 Qb4 32.e5 Rc5 33.Qd8+ Kh7 34.Qd3+ Kh8 35.e6 Rc3 36.e7  1-0

[Event "FSIMB August"]
[Site "Budapest HUN"]
[Date "2009.08.04"]
[Round "4"]
[White "To,N"]
[Black "Roos,J"]
[Result "1/2-1/2"]
[WhiteElo "2366"]
[BlackElo "2250"]

1.Nf3 d5 2.g3 Nf6 3.Bg2 c6 4.c4 e6 5.O-O Be7 6.d4 O-O 7.Nc3 b6 8.b3 Ba6 9.Nd2 Nbd7
10.e4 Rc8 11.Bb2 dxe4 12.Ndxe4 b5 13.c5 b4 14.Ne2 Nxe4 15.Bxe4 Nxc5 16.dxc5 Qxd1
17.Rfxd1 Bxe2 18.Rd7 Bxc5 19.Rc1 Bb6 20.Rxc6 Rxc6 21.Bxc6 Bg4 22.a3 Rc8 23.Be4 bxa3
24.Bxa3 Bh3 25.Bd3 h6 26.Bc4 Rd8 27.Rxd8+ Bxd8 28.Bc5 Bb6 29.Bxb6 axb6 30.f4 Kf8
31.Kf2 Ke7 32.Ke3 Kd6 33.b4 f6 34.Bb3 Bf5 35.h4 e5 36.Bd1 Bb1 37.Bf3 Ba2
38.Be4 exf4+ 39.gxf4 g5 40.fxg5 fxg5 41.hxg5 hxg5 42.Bf3 Ke5 43.Be2 Bd5 44.Bg4 Be6
45.Bf3 Bd5 46.Bg4 Be4 47.Bd1 Bf5 48.Bf3 Bh3 49.Be2 Bc8 50.Bf3 Bd7 51.Bd1 Kd5
52.Bb3+ Ke5 53.Bd1 Bh3 54.Ba4 Be6 55.Bd1 Kf5 56.Bf3 g4 57.Bc6 Ke5 58.Kf2 Bd5
59.Bd7 Kf4 60.Be8 g3+ 61.Kg1 Ke5 62.b5 Kd6 63.Bg6 Kc5 64.Be8 Bc4 65.Kg2 Bxb5
66.Bg6 Bc6+ 67.Kxg3 b5 68.Kf2 Kd4 69.Ke1 Kc3 70.Kd1 b4 71.Bf7 Kb2 72.Kd2 Ba4
73.Be6 Bb3 74.Bd7 Ka3 75.Bf5  1/2-1/2

[Event "80th Jubilee Viktor Kart"]
[Site "Lviv UKR"]
[Date "2009.08.04"]
[Round "1"]
[White "Itkis,B"]
[Black "Bulmaga,I"]
[Result "1/2-1/2"]
[WhiteElo "2437"]
[BlackElo "2277"]

1.Nf3 d5 2.g3 c6 3.Bg2 Bg4 4.O-O Nd7 5.d3 e5 6.Nbd2 Ngf6 7.e4 dxe4 8.dxe4 Bc5
9.h3 Bh5 10.Qe1 O-O 11.b3 a5 12.a3 Re8 13.Bb2 Qc7 14.Nh4 Bg6 15.Nxg6 hxg6
16.Nc4  1/2-1/2

[Event "96th ch-GBR"]
[Site "Torquay ENG"]
[Date "2009.08.04"]
[Round "8"]
[White "De Coverly,R"]
[Black "Taylor,Ge"]
[Result "1-0"]
[WhiteElo "2127"]
[BlackElo "2003"]

1.Nf3 d5 2.g3 Nf6 3.Bg2 Nbd7 4.d4 e6 5.O-O Bd6 6.Nbd2 c6 7.c4 O-O 8.Qc2 Re8
9.Rd1 Qe7 10.e4 dxe4 11.Nxe4 Nxe4 12.Qxe4 Nf6 13.Qe2 c5 14.a3 b6 15.dxc5 Bxc5
16.b4 Bd6 17.Ne5 Bxe5 18.Qxe5 Bb7 19.Bxb7 Qxb7 20.Bb2 Rad8 21.Qg5 Qf3 22.Rxd8 Rxd8
23.Bxf6 Qxf6 24.Qxf6 gxf6 25.Rc1 Kf8 26.Kg2 Ke7 27.Rc3 Rd2 28.c5 Kd7 29.c6+ Kc7
30.b5 Rd5 31.a4 Rd4 32.Ra3 Rd5 33.Kf3 f5 34.Ke3 a6 35.Rb3 axb5 36.axb5 f6
37.Rb2 h5 38.h4 Kc8 39.Kf3 Kc7 40.Rb3 Rc5 41.Kf4 Rc4+ 42.Ke3 Rc5 43.Rb4 Rd5
44.Kf4 Rc5 45.f3 Rd5 46.g4 fxg4 47.fxg4 hxg4 48.Kxg4 Rd1 49.Rb2 Rg1+ 50.Kf3 Rh1
51.Kg3 Kd6 52.Rd2+ Ke5 53.c7 Rc1 54.Rd7 f5 55.h5 Ke4 56.Kf2 f4 57.h6 f3 58.h7 Rc2+
59.Kg3 f2 60.Rd1  1-0

[Event "Open"]
[Site "Olomouc CZE"]
[Date "2009.08.05"]
[Round "1"]
[White "Ianov,V"]
[Black "Vyslouzil,L"]
[Result "1-0"]
[WhiteElo "2364"]
[BlackElo "1898"]

1.Nf3 d5 2.g3 Nf6 3.Bg2 c5 4.O-O Nc6 5.d4 e6 6.c4 Be7 7.Nc3 O-O 8.cxd5 exd5
9.dxc5 Bxc5 10.Bg5 d4 11.Bxf6 Qxf6 12.Nd5 Qd6 13.Nd2 Bb6 14.Nc4 Qd8 15.Rc1 Be6
16.Nf4 Bf5 17.Qb3 Na5 18.Nxa5 Bxa5 19.Rfd1 Rc8 20.Rxc8 Qxc8 21.Rxd4 Bb6 22.Rc4 Qd7
23.Be4 Be6 24.Nxe6 Qxe6 25.Qc2 f5 26.Bxb7 Bxf2+ 27.Kxf2 Qb6+ 28.Rc5 Qxb7
29.Rxf5 Rxf5+ 30.Qxf5 Qxb2 31.Qd5+ Kf8 32.Qa8+ Kf7 33.Qxa7+ Kg6 34.Qa6+ Kh5
35.Qc4 g5 36.Qb3 Qd4+ 37.Qe3 Qc4 38.a3 g4 39.Qe5+ Kg6 40.Qd6+ Kh5 41.Qb4 Qd5
42.a4 Qh1 43.Qc5+ Kg6 44.Qd6+ Kh5 45.Qe5+ Kg6 46.Qe6+ Kh5 47.Qf5+ Kh6 48.Qf6+  1-0